Utilization of organic fertilizer on celery babbage at crop station of royal university of agriculture, ការប្រើប្រាស់ជីធម្មជាតិទៅលើដំណាំស្ពៃចង្កឹះនៅក្នុងស្ថានីយ៍ពិសោធន៍ដំណាំនៃសាកលវិទ្យាល័យភូមិន្ទកសិកម្ម (Record no. 7497)

000 -LEADER
fixed length control field 00789nam a22001577a 4500
003 - CONTROL NUMBER IDENTIFIER
control field OSt
005 - DATE AND TIME OF LATEST TRANSACTION
control field 20160310134023.0
008 - FIXED-LENGTH DATA ELEMENTS--GENERAL INFORMATION
fixed length control field 160310b xxu||||| |||| 00| 0 eng d
040 ## - CATALOGING SOURCE
Transcribing agency RUA
082 ## - DEWEY DECIMAL CLASSIFICATION NUMBER
Classification number AGR TEP 2014 B458 Or.1
100 ## - MAIN ENTRY--PERSONAL NAME
9 (RLIN) 7904
Personal name TEP SITHA ; ទេព​ ស៊ីថា
245 ## - TITLE STATEMENT
Title Utilization of organic fertilizer on celery babbage at crop station of royal university of agriculture, ការប្រើប្រាស់ជីធម្មជាតិទៅលើដំណាំស្ពៃចង្កឹះនៅក្នុងស្ថានីយ៍ពិសោធន៍ដំណាំនៃសាកលវិទ្យាល័យភូមិន្ទកសិកម្ម
260 ## - PUBLICATION, DISTRIBUTION, ETC. (IMPRINT)
Place of publication, distribution, etc. Phnom Penh
Name of publisher, distributor, etc. RUA
Date of publication, distribution, etc. 2014
300 ## - PHYSICAL DESCRIPTION
Extent ix ;43p.
Other physical details ill.
Dimensions 29cm.
942 ## - ADDED ENTRY ELEMENTS (KOHA)
Source of classification or shelving scheme
Koha item type AGR
Holdings
Price effective from Date last seen Permanent Location Not for loan Date acquired Source of classification or shelving scheme Koha item type Lost status Withdrawn status Date last checked out Total Checkouts Shelving location Damaged status Barcode Current Location Full call number
2016-03-102017-01-16Library Block B 2016-03-10 AGR  2016-12-261B458 RUA055758Library Block BAGR TEP 2014 B458 Or.1
2016-03-102019-07-13Library Block B 2016-03-10 AGR  2019-06-221B458 RUA056138Library Block BAGR TEP 2014 B458 Or.2
2016-03-102018-10-19Library Block B 2016-03-10 AGR    B458 RUA056919Library Block BAGR TEP 2014 B458 Or.3
2016-03-102017-08-08Library Block B 2016-03-10 AGR    B458 RUA055955Library Block BAGR TEP 2014 B458 Or.4
2016-03-102020-02-25Library Block B 2016-03-10 AGR  2020-02-242B458 RUA056073Library Block BAGR TEP 2014 B458 Or.5
2016-03-102017-08-05Library Block B 2016-03-10 AGR  2017-08-022B458 RUA055877Library Block BAGR TEP 2014 B458 Or.6
2016-03-102016-03-10Library Block B 2016-03-10 AGR    B458 RUA055818Library Block BAGR TEP 2014 B458 Or.7
2016-03-102016-12-27Library Block B 2016-03-10 AGR  2016-12-173B458 RUA055701Library Block BAGR TEP 2014 B458 Or.8
2021-10-112022-01-10Library Block B 2021-10-11 AGR  2021-12-011B691 A066523Library Block BAGR TEP 2014 B691 Or.1
2021-10-112021-10-11Library Block B 2021-10-11 AGR    B691 A066583Library Block BAGR TEP 2014 B691 Or.1
មជ្ឈមណ្ឌលឯការនៃសាកលវិទ្យាល័យភូមិន្ទកសិកម្មចំការដូង

Powered by Koha